MDQL
is popping MORE tags! Check the
thread
!
Quizzes
Events
Quiz Creation
Community
Videos
Private Events
Remove Ads
Sign In
Join for FREE
Feedback
Dark Mode
Quiz Categories
Sports
Geography
Music
Movies
Television
Just For Fun
Miscellaneous
History
Literature
Language
Science
Gaming
Entertainment
Religion
Holiday
For Kids
Quiz Lab
Recent
Popular Today
Quiz Kudos Today
Editor Picks
Curator Picks
Quizzes by...
Day
Popularity
Type
Ratings
Length
Year
Community
Subscriptions
Recent Discussions
Orange Saloon
Badges
Playlists
Quests
Create
Leaderboards
Showdown
Live 5
Trivia Bingo
Activity
Puzzle Library
Sporcle Events
Private Events
Virtual Trivia
Globe League
Become a Host
Pub Owners
SporcleCon
Opinionation
Our Games
Videos
Blog
Mobile Apps
Partnerships
Remove Ads and Go Orange
Feedback
Sports
Athletes
MLB
NBA
NHL
NFL
Soccer
Sports Teams
WWE
NCAA
Football
Premier League
Basketball
Baseball
Hockey
Golf
Tennis
Cricket
Rugby
Auto Racing
Olympics
World Cup
Sports
Athletes
MLB
NBA
NHL
NFL
Soccer
Sports Teams
WWE
NCAA
Football
Premier League
Basketball
Baseball
Hockey
Golf
Tennis
Cricket
Rugby
Auto Racing
Olympics
World Cup
Random Quiz
Search Sporcle
×
Curator Pick
Curator Pick
Sports
Football
Type in answers that appear in a list
Type in answers that appear in a list
Classic
Best Score? Go Orange.
Animals on English football club badges Stats
Can you name the animals on English football club badges?
By
bumfish
5m
60 Questions
2,530 Plays
2,530 Plays
2,530 Plays
Comments
Comments
Give Quiz Kudos
Give Quiz Kudos
-
- Ratings
hide this ad
More Info
Random Order
Randomize order of answers
Randomize order of answers
Replay
Link that replays current quiz
Next Quiz
Link to next quiz in quiz playlist
You Got
0%
They Got
Avg Score
30%
Avg Friend Score
Upgrade to see
Score Distribution
Jump to the score distribution portion of the page
Score
0/60
Timer
05:00
0
Plays Today
League
Club
% Correct
Premier League
Swansea City
78.4%
Premier League
Chelsea
78.3%
Premier League
Tottenham Hotspur
70.8%
Premier League
Norwich City
68.1%
Championship
Wolverhampton Wanderers
67.5%
Premier League
Newcastle United
63.4%
Premier League
Liverpool
63.3%
Championship
Crystal Palace
62.8%
Championship
Brighton & Hove Albion
58.4%
Championship
Derby County
57.6%
Championship
Hull City
56.5%
Premier League
West Bromwich Albion
54.2%
Championship
Leicester City
53.6%
Premier League
Aston Villa
52.6%
Premier League
Manchester City
51.9%
Championship
Sheffield Wednesday
50.9%
Championship
Millwall
46.6%
Championship
Cardiff City
45.3%
Premier League
Sunderland
43.4%
League 1
Brentford
38.4%
Championship
Ipswich Town
32.6%
Championship
Huddersfield Town
32.2%
Championship
Watford
29.5%
Championship
Burnley
27.7%
League 2
Bradford City
27.5%
League 2
Oxford United
27.5%
Championship
Bristol City
27.2%
League 1
Coventry City
25.4%
Championship
Blackpool
24.1%
League 1
Notts County
24%
League
Club
% Correct
Championship
Barnsley
22.7%
Championship
Middlesbrough
21.6%
League 1
Swindon Town
21.5%
League 2
Southend United
21.5%
League 1
Oldham Athletic
21.1%
Premier League
Reading
20%
League 2
Morecambe
19.6%
League 1
Preston North End
18.1%
League 2
Wycombe Wanderers
14.9%
League 1
Walsall
14.6%
League 2
Exeter City
13.2%
League 2
AFC Wimbledon
12.9%
League 2
Gillingham
12.6%
League 1
Leyton Orient
12.5%
League 1
Shrewsbury Town
11.7%
League 2
Cheltenham Town
11.3%
League 1
Bury
11.2%
Championship
Peterborough United
10.8%
League 1
Carlisle United
10.4%
League 1
Yeovil Town
10.4%
League 2
Accrington Stanley
9.6%
League 1
Colchester United
9.5%
League 2
Northampton Town
9.4%
League 1
Tranmere Rovers
8.9%
League 1
Crewe Alexandra
8.7%
League 2
Rochdale
8.5%
League 2
York City
7.1%
League 2
Aldershot Town
6.9%
League 1
Stevenage Borough
6.5%
League 2
Dagenham & Redbridge
4.1%
Quiz Playlist
Details
Report
Send in Message
Add To Playlist
More Info:
Animals and birds (some mythical) on the crests/badges of English Premier League and Football League clubs.
Classic:
Type in answers that appear in a list
Random Order:
Randomize order of answers
Quiz Source
Last Updated: Feb 16, 2017
Curator Pick in
Animal
Quiz Scoreboard
CHALLENGE
Sign Up to Join the Scoreboard
Show All
Scores
Hide
Comments
May contain spoilers
Recently Published
5x2 Blitz: Bands
by SL_Kpop136
Music
30s
Colored Red Africa Blitz
by spor1
Geography
30s
Find the 'City' Movie
by crazypaving
Movies
60s
More to Explore
Quiz From the Vault
Featured Blog Post
14 Easter Pick-up Lines to Find Eggs With
hide this ad
You Might Also Like...
Tags
Animal Quiz
Football Quiz
club
crest
English
League
Today's Top Quizzes in Sports
Browse Sports
hide this ad
Today's Top Quizzes in Football
Browse Football
Top Contributed Quizzes in Sports
1
Les meilleurs buteurs des matchs entre le PSG et l’OM
2
Les entraîneurs de l'OM et du PSG au 21e siècle
3
Les joueurs passés par le PSG et l'OM
4
2022 World Cup Stars
5
Players with Multiple 50 Home Run Seasons
6
Criteria MLB: Left Handed Sluggers
7
MLB Players with Two .350 Batting Average Seasons
8
Les joueurs passés par le LOSC et le RC Lens
9
NBA Logic Puzzle 2.0
10
Top 10 NHL Goal Scorers of All Time
Explore More
Trending Topics
Marvel
Anime
Kpop
NBA
Disney
Crossword
Harry Potter
NFL
Song
WWE
Pokémon
Puzzle
The Office
Country
Soccer
hide this ad
More By:
bumfish
Quiz
Plays
Rating
Category
Featured
Created
UK 1980s number one artists
4,349
4.54
Music
Dec 8, 2010
National Anthems - Europe
4,154
4.50
Geography
Nov 18, 2010
Animals on English football club badges
2,530
3.91
Sports
Dec 30, 2010
UK 1990s number one artists
1,705
4.75
Music
Dec 5, 2010
Mottos on English football club badges
1,643
4.80
Sports
Dec 30, 2010
Go to Creator's Profile
Score Distribution
Quiz Creator Spotlight
bumfish
Follow
Send a Message
Quizzes Created
-
Created Quiz Play Count
-
More By This Creator
Popular Quizzes Today
1
Colored Red Africa Blitz
2
Find the US States - No Outlines Minefield
3
Find the 'City' Movie
4
5x2 Blitz: Bands
5
The Countries of the World
6
Find the US States
7
US States
8
Find the Countries of Europe - No Outlines Minefield
More Sports Quizzes
FIFA World Cup Quarter-Finalists
Published
Trending Quizzes
Colored Red Europe Blitz I
Colored Red Europe Blitz II
Colored Red Africa Blitz II
Colored Red Europe Blitz III
Colored Red Africa Blitz III
Recently Updated
How Do You Spell That?
pecheneg
Godzilla Movies
pecheneg
Grab Bag: 4-10 Letters
pecheneg
2024 March Madness Bracket
pecheneg
Famous TV Couples
Peacemaker
Champions League XIs: Real Madrid
pecheneg
Largest US Cities 1790-2010
pecheneg
Rides in Walt Disney World
pecheneg
Most Oscar Losses (Acting)
pecheneg
Beyoncé Albums
pecheneg
Trending Topics
Crossword
Anime
Kpop
Marvel
NBA
Harry Potter
Disney
WWE
NFL
The Office
Country
Song
Soccer
Pokémon
Puzzle
Your Account Isn't Verified!
In order to create a playlist on Sporcle, you need to verify the email address you used during registration. Go to your
Sporcle Settings
to finish the process.
Report this User
Report this user for behavior that violates our
Community Guidelines
.
Details:
Send Report
Go to the Sporcle.com Mobile Site →
Comments